[Event "DEN-chT 0809"]
[Site "Denmark"]
[Date "2009.02.22"]
[Round "7.8"]
[White "Lysberg, Jan Peter"]
[Black "Ottesen, Peder"]
[Result "0-1"]
[WhiteElo "1905"]
[BlackElo "2021"]
[PlyCount "77"]
[EventDate "2008.11.01"]
[EventType "team-tourn"]
[EventRounds "9"]
[EventCountry "DEN"]
[SourceTitle "EXT 2023"]
[Source "ChessBase"]
[SourceDate "2022.10.05"]
[SourceVersion "1"]
[SourceVersionDate "2022.10.05"]
[SourceQuality "1"]
[WhiteTeam "Aalborg"]
[BlackTeam "Copenhagen K41"]
[WhiteTeamCountry "DEN"]
[BlackTeamCountry "DEN"]

1. d4 d5 2. Nf3 Nf6 3. Bf4 Bf5 4. e3 e6 5. Bd3 Bg6 6. Ne5 Bxd3 7. Qxd3 c6 8. Nd2 Be7 9. h3 0-0 10. 0-0 Nbd7 11. c4 dxc4 12. Ndxc4 Nd5 13. Bg3 N7f6 14. Rfd1 Rc8 15. a3 b5 16. Nd2 Qb6 17. Ne4 Rfd8 18. Ng5 Rf8 19. Ngxf7 Rxf7 20. Nxf7 Kxf7 21. e4 Nc7 22. e5 Ng8 23. Qxh7 Nh6 24. Bf4 Nf5 25. g4 Nxd4 26. Be3 Nf3+ 27. Kg2 Nh4+ 28. Kf1 Qb8 29. Rd7 Ng6 30. Bh6 Rg8 31. Rd3 Nxe5 32. Bxg7 Rxg7 33. Qh5+ Ng6 34. Re1 Nd5 35. g5 Kg8 36. Qd1 Qh2 37. Rxe6 Qh1+ 38. Ke2 Ngf4+ 39. Kd2 0-1